000 00500nam a2200205Ia 4500
003 OSt
005 20230506114122.0
008 210423s2005 xx 000 0 und d
020 _a748404309
040 _cAL
041 _aeng
082 _a660.6 SCHH
100 _aSCHMAUDER (Hans Peter).
_999311
245 _aMethods in biotechnology.
260 _aLondon
_bTaylor & Francis
_c2005
300 _aix,257
_bPB
365 _b495
_cINR
906 _abiotechnology. ; Methods
942 _2ddc
_cBK
999 _c163429
_d163429